| 000 | 00897nam a22001937a 4500 | ||
|---|---|---|---|
| 999 |
_c60256 _d60256 |
||
| 003 | Ge_BSU | ||
| 005 | 20230622121615.0 | ||
| 008 | 230622s1965 ge ||||| |||| 00| 0 geo d | ||
| 041 | _ageo | ||
| 080 | _a737(479.22)(09) კ-24 | ||
| 100 |
_aკაპანაძე, დ. _918166 |
||
| 245 |
_aწარსულის მაცნეები : _b[ნუმიზმატიკა] / _cდ. კაპანაძე; რედ.შ. დარახველიძე. |
||
| 264 |
_aთბ. : _bნაკადული, _c1965. |
||
| 300 |
_a136 გვ. : _b6 ფ. ილ. ; _c19 სმ. |
||
| 653 | _aქართული ნუმიზმატიკის ისტორია | ||
| 653 | _aსაქართველოს ისტორიის წყაროები. | ||
| 700 |
_aდარახველიძე, შ. _eრედაქტორი _914754 |
||
| 942 |
_2udc _cBK |
||